000 00374nam a2200157Ia 4500
008 151213s9999 xx 000 0 und d
100 _aSinclair Lewis
245 _aThe Good Seeker
_cSinclair Lewis
250 _a1st
260 _aLondon
_bWilliam Heineman
_c1949
300 _a4576 p.
650 _aEnglish
650 _aNovel
700 _aSinclair Lewis
999 _c2950
_d2950